[Event "Pan American Universities 1st"]
[Site "Pinar del Rio"]
[Date "2009.11.20"]
[Round "2"]
[White "Duarte Barahona, Raul Alejandro"]
[Black "Montero Gonzalez, Karla"]
[Result "1-0"]
[WhiteElo "2226"]
[BlackElo "1920"]
[PlyCount "95"]
[EventDate "2009.11.19"]
[EventType "swiss"]
[EventRounds "5"]
[EventCountry "CUB"]
[SourceTitle "EXT 2019"]
[Source "ChessBase"]
[SourceDate "2018.10.10"]
[SourceVersion "1"]
[SourceVersionDate "2018.10.10"]
[SourceQuality "1"]

1. e4 c5 2. Nf3 g6 3. d4 cxd4 4. Nxd4 Bg7 5. Nc3 Nc6 6. Be3 Nf6 7. Bc4 d6 8. f3 0-0 9. Qd2 Bd7 10. 0-0-0 Rb8 11. Bb3 b5 12. Nxc6 Bxc6 13. Bxa7 Rb7 14. Bd4 b4 15. Nd5 Qa5 16. c3 Nxd5 17. Bxg7 Kxg7 18. exd5 Ba4 19. c4 Rc8 20. Qd4+ Kg8 21. h4 Rbc7 22. Kb1 Bxb3 23. axb3 Ra8 24. h5 Qa2+ 25. Kc2 Rac8 26. Rh4 Qa7 27. hxg6 fxg6 28. Qe4 Qf2+ 29. Rd2 Qg3 30. Rg4 Qh2 31. g3 Qh5 32. Rh4 Qf5 33. Qxf5 gxf5 34. Rdh2 e6 35. dxe6 Re8 36. Re2 Kg7 37. Kd3 Rce7 38. Reh2 Kg8 39. Kd4 Rxe6 40. Rxh7 Re1 41. Rh8+ Kf7 42. R2h7+ Kg6 43. Rxe8 Rd1+ 44. Ke3 Kxh7 45. Rb8 Rb1 46. Rxb4 Rxb2 47. Rb6 Kg7 48. Kf4 1-0

[Event "Mexican op 53rd"]
[Site "Aguascalientes"]
[Date "2007.04.08"]
[Round "9"]
[White "Duarte Barahona, Raul Alejandro"]
[Black "Dominguez Aguilar, Guillermo"]
[Result "1/2-1/2"]
[WhiteElo "2082"]
[BlackElo "2376"]
[PlyCount "61"]
[EventDate "2007.04.03"]
[EventType "swiss"]
[EventRounds "9"]
[EventCountry "MEX"]
[SourceTitle "CBM 117 Extra"]
[Source "ChessBase"]
[SourceDate "2007.05.09"]
[SourceVersion "1"]
[SourceVersionDate "2007.05.09"]
[SourceQuality "1"]

1. e4 c5 2. Nf3 d6 3. d4 cxd4 4. Nxd4 Nf6 5. Nc3 e5 6. Bb5+ Bd7 7. Bxd7+ Qxd7 8. Nde2 Qc6 9. Ng3 h6 10. Qf3 Nbd7 11. Be3 b5 12. a3 a6 13. 0-0 g6 14. Rfd1 Be7 15. h3 Kf8 16. Nf1 Kg7 17. Nh2 Rac8 18. Rac1 Qb7 19. Rd3 Rc4 20. Re1 a5 21. Qe2 b4 22. Nd5 Nxd5 23. Rxd5 Qc7 24. Rxa5 Rxe4 25. axb4 Rxb4 26. Ra7 Rb7 27. Rxb7 Qxb7 28. c3 Qb3 29. f4 Rb8 30. fxe5 dxe5 31. Qd2 1/2-1/2